Normal view
MARC view
- Hospitality industry.
Entry Topical Term
001 - CONTROL NUMBER
- control field: 47646
003 - CONTROL NUMBER IDENTIFIER
- control field: OSt
005 - DATE AND TIME OF LATEST TRANSACTION
- control field: 20230127133445.0
008 - FIXED-LENGTH DATA ELEMENTS
- fixed length control field: 230127|| aca||aabn | a|a d
040 ## - CATALOGING SOURCE
- Original cataloging agency: OSt
- Transcribing agency: OSt
150 ## - HEADING--TOPICAL TERM
- Topical term or geographic name entry element: Hospitality industry.
670 ## - SOURCE DATA FOUND
- Source citation: Work cat.: (OSt): Morgan, Nigel. author. 47645, Gender matters in hospitality (invited paper for 'luminaries' special issue of international journal of hospitality management) /, ©January 2019.
